[Event "DEM U14 2003"]
[Site "Willingen GER"]
[Date "2003.06.12"]
[Round "7"]
[White "Forchmann, Georg"]
[Black "Cammann, Tim"]
[Result "0-1"]
[Termination "normal"]
[Board "14"]
[WhiteElo "1637"]
[BlackElo "1401"]
[PlyCount "72"]
[EventCountry "GER"]
[EventRounds "9"]
[EventType "swiss"]
[EventDate "2003.06.07"]

1. e4 c6 2. d4 d5 3. exd5 cxd5 4. c4 dxc4 5. Bxc4 Nf6 6. Nf3 Bg4 7. Qb3 e6 8.
Qxb7 Nbd7 9. Nbd2 a5 10. Ne5 Rb8 11. Qc6 Rb6 12. Qa4 Rb4 13. Qc2 Bf5 14. Qd1
Nxe5 15. dxe5 Ne4 16. Bb3 Bc5 17. Rf1 Bxf2+ 18. Rxf2 Nxf2 19. Kxf2 Qd4+ 20. Ke1
Qg1+ 21. Ke2 Re4+ 22. Nxe4 Bg4+ 23. Kd2 Bxd1 24. Nd6+ Ke7 25. Bxd1 Qxg2+ 26.
Kc3 Qxh2 27. Kd4 f6 28. Nc4 Rd8+ 29. Kc3 Rxd1 30. exf6+ gxf6 31. b3 Qg3+ 32.
Kc2 Qd3+ 33. Kb2 h5 34. Ka3 Qc2 35. Bb2 Rxa1 36. Bxa1 h4 0-1

[Event "DEM U14 2003"]
[Site "Willingen GER"]
[Date "2003.06.13"]
[Round "8"]
[White "Baldauf, Marco"]
[Black "Brener, Ilja"]
[Result "1/2-1/2"]
[Termination "normal"]
[Board "1"]
[WhiteElo "2093"]
[BlackElo "2168"]
[PlyCount "67"]
[WhiteFideId "4688210"]
[BlackFideId "4688201"]
[EventCountry "GER"]
[EventRounds "9"]
[EventType "swiss"]
[EventDate "2003.06.07"]

1. e4 e5 2. Nf3 Nc6 3. Bb5 a6 4. Ba4 Nf6 5. O-O b5 6. Bb3 Be7 7. Re1 O-O 8. a4
Bb7 9. axb5 axb5 10. Rxa8 Qxa8 11. Nc3 b4 12. Nd5 Nxd5 13. Bxd5 d6 14. d3 Na5
15. Ba2 c5 16. c3 bxc3 17. bxc3 Bf6 18. Qc2 d5 19. Qa4 Bc6 20. Qc2 dxe4 21.
dxe4 Nb7 22. Be3 Qc8 23. Nd2 Rd8 24. Nc4 Qd7 25. Nb6 Qd3 26. Qxd3 Rxd3 27. Bd5
Bxd5 28. Nxd5 h6 29. Kf1 Bg5 30. Bxg5 hxg5 31. Ke2 c4 32. Rd1 Rxd1 33. Kxd1 Nd6
34. f3 1/2-1/2

[Event "DEM U14 2003"]
[Site "Willingen GER"]
[Date "2003.06.13"]
[Round "8"]
[White "Rehberg, Raphael"]
[Black "Figura, Atila Gajo"]
[Result "0-1"]
[Termination "normal"]
[Board "2"]
[WhiteElo "2046"]
[BlackElo "2111"]
[PlyCount "126"]
[WhiteFideId "4686799"]
[BlackFideId "4688058"]
[EventCountry "GER"]
[EventRounds "9"]
[EventType "swiss"]
[EventDate "2003.06.07"]

1. e4 c5 2. Nf3 e6 3. d4 cxd4 4. Nxd4 a6 5. Nc3 b5 6. Bd3 Qb6 7. Nb3 Qc7 8. O-O
Bb7 9. Qe2 Nf6 10. e5 Nd5 11. Nxd5 Bxd5 12. Re1 Be7 13. Bf4 Nc6 14. c3 d6 15.
exd6 Bxd6 16. Bxd6 Qxd6 17. Rad1 O-O 18. Nd2 Rfd8 19. Ne4 Qe7 20. Qh5 Bxa2 21.
Re3 Bc4 22. Rg3 f5 23. Ng5 h6 24. Nh3 Bxd3 25. Rgxd3 Rxd3 26. Rxd3 Rd8 27. Nf4
Rxd3 28. Nxd3 Qd6 29. Qf3 Ne5 30. Nxe5 Qxe5 31. g3 Kh7 32. Qc6 a5 33. Qa6 a4
34. Kf1 Qd5 35. Qb6 Qc4+ 36. Kg1 Kg6 37. Qd6 Qd5 38. Qb6 Kh7 39. Qe3 e5 40. Qe2
Kg6 41. h4 e4 42. Qe3 Qd3 43. Qb6+ Kh5 44. Qe6 g6 45. Kg2 Qf3+ 46. Kf1 Qd1+ 47.
Kg2 Qf3+ 48. Kf1 Qh1+ 49. Ke2 Qb1 50. g4+ Kxh4 51. Qxg6 Qxb2+ 52. Kd1 Qb1+ 53.
Kd2 Qd3+ 54. Kc1 Qxc3+ 55. Kd1 Qd3+ 56. Ke1 Qb1+ 57. Kd2 Qb2+ 58. Kd1 Qxf2 59.
gxf5 Qf3+ 60. Kc1 Qf4+ 61. Kc2 e3 62. Qf6+ Kg3 63. Qg6+ Kf2 0-1

[Event "DEM U14 2003"]
[Site "Willingen GER"]
[Date "2003.06.13"]
[Round "8"]
[White "Abel, Dennes"]
[Black "Siebarth, Raiko"]
[Result "1-0"]
[Termination "normal"]
[Board "3"]
[WhiteElo "1915"]
[BlackElo "2103"]
[PlyCount "67"]
[WhiteFideId "24605417"]
[BlackFideId "4674766"]
[EventCountry "GER"]
[EventRounds "9"]
[EventType "swiss"]
[EventDate "2003.06.07"]

1. Nf3 Nf6 2. g3 g6 3. b3 Bg7 4. Bb2 O-O 5. Bg2 d5 6. O-O c5 7. c4 d4 8. b4 Nc6
9. bxc5 Nd7 10. d3 Nxc5 11. Nbd2 Re8 12. Ba3 Qa5 13. Bxc5 Qxc5 14. Nb3 Qh5 15.
Rb1 Rd8 16. Qc1 Bg4 17. Qa3 Rac8 18. Nbd2 b6 19. Rb5 Qh6 20. c5 bxc5 21. Rxc5
e5 22. Qa6 Bd7 23. Rfc1 g5 24. h3 f5 25. Nb3 e4 26. dxe4 fxe4 27. Nxg5 Bf8 28.
Qc4+ Kg7 29. Qf7+ Kh8 30. Qf4 Be8 31. Rxc6 Rxc6 32. Rxc6 Qg7 33. Ne6 Bd6 34.
Rxd6 1-0

[Event "DEM U14 2003"]
[Site "Willingen GER"]
[Date "2003.06.13"]
[Round "8"]
[White "Becker, Erik"]
[Black "Klein, Felix"]
[Result "1/2-1/2"]
[Termination "normal"]
[Board "4"]
[WhiteElo "2049"]
[BlackElo "1798"]
[PlyCount "96"]
[WhiteFideId "4696921"]
[BlackFideId "24600458"]
[EventCountry "GER"]
[EventRounds "9"]
[EventType "swiss"]
[EventDate "2003.06.07"]

1. e4 e6 2. d3 c5 3. g3 Nc6 4. Bg2 d5 5. Nd2 Nf6 6. Ngf3 Be7 7. O-O O-O 8. Re1
b5 9. e5 Nd7 10. Nf1 a5 11. h4 b4 12. Bf4 Ba6 13. Ng5 Qe8 14. Nh2 a4 15. c4
bxc3 16. bxc3 Nb6 17. h5 h6 18. Ngf3 Kh8 19. Qd2 Nd7 20. g4 Rb8 21. Bf1 a3 22.
Rab1 Rxb1 23. Rxb1 Qa8 24. Qc1 Bb7 25. g5 hxg5 26. Bxg5 d4 27. cxd4 Bxg5 28.
Qxg5 Nxd4 29. Nxd4 cxd4 30. h6 Rg8 31. h7 Rf8 32. Rb4 Qa7 33. Ng4 Bf3 34. Nf6
Qc5 35. Nxd7 Qxb4 36. Nxf8 Qxf8 37. Bg2 Bxg2 38. Kxg2 Qa8+ 39. Kg1 Qe8 40. Qh4
Qd7 41. Qe4 Qa4 42. Qf3 Qa7 43. Qe4 Qc5 44. Qf4 Qa7 45. Qe4 Qc5 46. Qf4 Kxh7
47. Qh4+ Kg8 48. Qd8+ Kh7 1/2-1/2

[Event "DEM U14 2003"]
[Site "Willingen GER"]
[Date "2003.06.13"]
[Round "8"]
[White "Zebisch, Paul"]
[Black "Cara, Bogdan"]
[Result "1-0"]
[Termination "normal"]
[Board "6"]
[WhiteElo "1863"]
[BlackElo "1830"]
[PlyCount "73"]
[WhiteFideId "24601535"]
[EventCountry "GER"]
[EventRounds "9"]
[EventType "swiss"]
[EventDate "2003.06.07"]

1. e4 e6 2. d4 d5 3. e5 c5 4. c3 Nc6 5. Nf3 Qb6 6. a3 Bd7 7. b4 cxd4 8. cxd4
Rc8 9. Bb2 Na5 10. Nbd2 Nc4 11. Nxc4 dxc4 12. Rc1 Qa6 13. Be2 b5 14. Ng5 Bc6
15. Bf3 Be7 16. Ne4 Bxe4 17. Bxe4 g6 18. Qf3 Rc7 19. d5 exd5 20. Bxd5 Bg5 21.
Rd1 Nh6 22. h4 Bd8 23. h5 g5 24. O-O Rg8 25. Rfe1 g4 26. Qe4 Rg7 27. Bc1 Ng8
28. h6 Rg6 29. Qd4 Be7 30. Qf4 Bd8 31. Bxf7+ Rxf7 32. Rxd8+ Kxd8 33. Qxf7 Qe6
34. Rd1+ Kc8 35. Qxa7 Nxh6 36. Qa8+ Kc7 37. Qd8+ 1-0

[Event "DEM U14 2003"]
[Site "Willingen GER"]
[Date "2003.06.13"]
[Round "8"]
[White "Plenca, Julijan"]
[Black "Sohl, Jan"]
[Result "1/2-1/2"]
[Termination "normal"]
[Board "7"]
[WhiteElo "2066"]
[BlackElo "1766"]
[PlyCount "63"]
[WhiteFideId "14508044"]
[BlackFideId "4698070"]
[EventCountry "GER"]
[EventRounds "9"]
[EventType "swiss"]
[EventDate "2003.06.07"]

1. e4 c5 2. Nf3 d6 3. d4 Nf6 4. Nc3 cxd4 5. Nxd4 g6 6. Be3 Bg7 7. f3 O-O 8. Qd2
Nc6 9. h4 d5 10. Nxc6 bxc6 11. O-O-O Be6 12. Be2 Qa5 13. a3 Rab8 14. Na2 Qxd2+
15. Bxd2 dxe4 16. Nb4 c5 17. Nc6 Rb7 18. Bc3 Bh6+ 19. Bd2 Bg7 20. Bc3 Bh6+ 21.
Bd2 e3 22. Bc3 Nd5 23. Be5 Nf4 24. Bxf4 Bxf4 25. Kb1 Rc7 26. Na5 Kg7 27. h5 f5
28. Bc4 Bxc4 29. Nxc4 Bg5 30. Rd5 e6 31. Re5 Kf6 32. g3 1/2-1/2

[Event "DEM U14 2003"]
[Site "Willingen GER"]
[Date "2003.06.13"]
[Round "8"]
[White "Mandery, Markus"]
[Black "Tereick, Benjamin"]
[Result "1/2-1/2"]
[Termination "normal"]
[Board "8"]
[WhiteElo "1829"]
[BlackElo "1751"]
[PlyCount "55"]
[WhiteFideId "24607126"]
[BlackFideId "24607541"]
[EventCountry "GER"]
[EventRounds "9"]
[EventType "swiss"]
[EventDate "2003.06.07"]

1. d4 e6 2. g3 c5 3. c3 Nc6 4. e3 d5 5. Bg2 Nf6 6. Nd2 e5 7. Ne2 e4 8. h3 Bf5
9. Qa4 Nd7 10. g4 Be6 11. a3 h5 12. gxh5 Bd6 13. b4 c4 14. Bb2 Qg5 15. Bxe4
dxe4 16. Nxe4 Qe7 17. Nxd6+ Qxd6 18. e4 Nb6 19. Qb5 Bd7 20. Qg5 Qh6 21. Qxh6
Rxh6 22. Ng3 Na4 23. Bc1 Rh7 24. Bd2 Nb2 25. f4 Nd3+ 26. Ke2 O-O-O 27. f5 f6
28. Rag1 1/2-1/2

[Event "DEM U14 2003"]
[Site "Willingen GER"]
[Date "2003.06.13"]
[Round "8"]
[White "Völbel, Patrick"]
[Black "Schneider, David"]
[Result "0-1"]
[Termination "normal"]
[Board "9"]
[WhiteElo "1815"]
[BlackElo "2030"]
[PlyCount "108"]
[WhiteFideId "24622583"]
[BlackFideId "4697111"]
[EventCountry "GER"]
[EventRounds "9"]
[EventType "swiss"]
[EventDate "2003.06.07"]

1. e4 g6 2. d4 Bg7 3. c4 d6 4. Nc3 Nc6 5. Be3 Nf6 6. f3 O-O 7. Qd2 e5 8. d5 Nd4
9. Nge2 Nxe2 10. Bxe2 Nd7 11. O-O-O f5 12. g3 Nf6 13. h4 Nh5 14. Rdg1 f4 15.
Bf2 fxg3 16. Bxg3 Bd7 17. Bd1 Qf6 18. Bf2 Nf4 19. Be3 a6 20. h5 gxh5 21. Bxf4
Qxf4 22. Rxh5 Qxd2+ 23. Kxd2 Be8 24. Rh4 Bg6 25. Ke3 Rf7 26. Ne2 Raf8 27. Nc1
Rf4 28. Rh3 R4f6 29. Nd3 h5 30. Ba4 Kh7 31. Bd7 Bh6+ 32. Ke2 Rg8 33. b4 Bxe4
34. Rxg8 Bxd3+ 35. Kxd3 Kxg8 36. Rxh5 Rxf3+ 37. Ke4 Rf4+ 38. Kd3 Rd4+ 39. Kc3
Bd2+ 40. Kc2 Bxb4 41. Kb3 a5 42. Bc8 e4 43. Rh3 Kg7 44. Bxb7 Bd2 45. Ba6 e3 46.
Rh2 Rf4 47. Re2 Kf6 48. Ka4 Rf2 49. c5 dxc5 50. Rxf2+ exf2 51. Bc4 Ke5 52. Kb5
Kd4 53. a3 Be1 54. a4 Bb4 0-1

[Event "DEM U14 2003"]
[Site "Willingen GER"]
[Date "2003.06.13"]
[Round "8"]
[White "Billing, Christian"]
[Black "Beck, Frederik"]
[Result "1/2-1/2"]
[Termination "normal"]
[Board "10"]
[WhiteElo "1797"]
[BlackElo "2087"]
[PlyCount "49"]
[WhiteFideId "4697294"]
[BlackFideId "4687388"]
[EventCountry "GER"]
[EventRounds "9"]
[EventType "swiss"]
[EventDate "2003.06.07"]

1. e4 c5 2. Nc3 Nc6 3. g3 g6 4. Bg2 Bg7 5. d3 d6 6. Be3 Qa5 7. Qd2 Nd4 8. h3 e6
9. Nf3 Ne7 10. O-O Nec6 11. Ne1 O-O 12. Nd1 Qa6 13. Bh6 f5 14. Bxg7 Kxg7 15.
exf5 Nxf5 16. c3 Bd7 17. Nf3 Rae8 18. Ne3 Nce7 19. b3 Bc6 20. Ng5 Bxg2 21. Nxg2
Nc8 22. Nf4 d5 23. Rfe1 e5 24. Nxd5 Qc6 25. Ne3 1/2-1/2

[Event "DEM U14 2003"]
[Site "Willingen GER"]
[Date "2003.06.13"]
[Round "8"]
[White "Wagner, Florian"]
[Black "Schmidt, Armin"]
[Result "1-0"]
[Termination "normal"]
[Board "11"]
[WhiteElo "1742"]
[BlackElo "1668"]
[PlyCount "53"]
[WhiteFideId "4698118"]
[BlackFideId "24610160"]
[EventCountry "GER"]
[EventRounds "9"]
[EventType "swiss"]
[EventDate "2003.06.07"]

1. e4 c6 2. d3 d5 3. Nd2 e5 4. g3 Be6 5. Bg2 Nd7 6. Ne2 Bc5 7. O-O Ne7 8. Kh1
Qc7 9. f4 f6 10. c3 O-O-O 11. f5 Bf7 12. b4 Bb6 13. a4 a5 14. Ba3 d4 15. c4 c5
16. bxa5 Bxa5 17. Qc2 Nc6 18. Nb1 Bb4 19. Nc1 Be8 20. Na2 Qa5 21. Bxb4 Nxb4 22.
Nxb4 Qxb4 23. a5 Nb8 24. Ra3 Rd6 25. Qa2 b5 26. Nd2 bxc4 27. Nxc4 1-0

[Event "DEM U14 2003"]
[Site "Willingen GER"]
[Date "2003.06.13"]
[Round "8"]
[White "Cammann, Tim"]
[Black "Friedrich, Paul-Robert"]
[Result "1/2-1/2"]
[Termination "normal"]
[Board "12"]
[WhiteElo "1401"]
[BlackElo "1599"]
[PlyCount "68"]
[BlackFideId "24616036"]
[EventCountry "GER"]
[EventRounds "9"]
[EventType "swiss"]
[EventDate "2003.06.07"]

1. d4 e6 2. c4 d5 3. Nc3 c5 4. e3 Nc6 5. Nf3 Nf6 6. cxd5 exd5 7. Bb5 a6 8.
Bxc6+ bxc6 9. O-O Be7 10. Bd2 O-O 11. Rc1 Bb7 12. Qc2 Rc8 13. dxc5 Bxc5 14. Na4
Bd6 15. Nc5 Bxc5 16. Qxc5 Ne4 17. Qb4 Qd7 18. Ne5 Qc7 19. Nd3 c5 20. Qa5 Nxd2
21. Qxd2 Qd6 22. Qa5 c4 23. Nf4 Rfd8 24. Rfd1 Qe5 25. Rxc4 Qxb2 26. Rxc8 Rxc8
27. Nxd5 Qe5 28. f4 Qe4 29. Rd4 Rc1+ 30. Kf2 Rc2+ 31. Ke1 Rc1+ 32. Kf2 Rc2+ 33.
Ke1 Rc1+ 34. Kf2 Rc2+ 1/2-1/2

[Event "DEM U14 2003"]
[Site "Willingen GER"]
[Date "2003.06.13"]
[Round "8"]
[White "Bogner, Sebastian"]
[Black "Forchmann, Georg"]
[Result "1/2-1/2"]
[Termination "normal"]
[Board "13"]
[WhiteElo "1996"]
[BlackElo "1637"]
[PlyCount "67"]
[WhiteFideId "4692055"]
[EventCountry "GER"]
[EventRounds "9"]
[EventType "swiss"]
[EventDate "2003.06.07"]

1. e4 e6 2. d4 d5 3. Nd2 Nf6 4. e5 Nfd7 5. f4 c5 6. c3 Nc6 7. Ndf3 Qb6 8. g3
cxd4 9. cxd4 Bb4+ 10. Kf2 f6 11. Kg2 fxe5 12. fxe5 h6 13. Bd3 O-O 14. Bb1 Rf7
15. Qd3 Nf8 16. Ne2 Qc7 17. h4 Ne7 18. a3 Ba5 19. g4 Qc4 20. Qd1 Bd7 21. Bd3
Ba4 22. Bxc4 Bxd1 23. Rxd1 dxc4 24. Bd2 Bxd2 25. Nxd2 Rc8 26. Rf1 Rxf1 27. Rxf1
Nd5 28. Rc1 Rc7 29. Kg3 b5 30. Ne4 a6 31. Nf4 Nxf4 32. Kxf4 Ng6+ 33. Kg3 Ne7
34. Kf3 1/2-1/2

[Event "DEM U14 2003"]
[Site "Willingen GER"]
[Date "2003.06.13"]
[Round "8"]
[White "Kölsch, Maximilian"]
[Black "Rietze, Clemens"]
[Result "1-0"]
[Termination "normal"]
[Board "14"]
[WhiteElo "1688"]
[BlackElo "1716"]
[PlyCount "71"]
[WhiteFideId "24618462"]
[BlackFideId "24620351"]
[EventCountry "GER"]
[EventRounds "9"]
[EventType "swiss"]
[EventDate "2003.06.07"]

1. d4 Nf6 2. c4 e6 3. Nf3 c5 4. d5 exd5 5. cxd5 d6 6. Nc3 g6 7. e4 Bg7 8. Bd3
O-O 9. h3 a6 10. a4 Re8 11. O-O Nbd7 12. Bf4 Qc7 13. Rc1 c4 14. Bb1 Nc5 15. Nd2
Nfd7 16. Nxc4 Ne5 17. Nxe5 dxe5 18. Be3 b6 19. b4 Nd7 20. Nb5 Qd8 21. Nc7 Bb7
22. Nxe8 Qxe8 23. Qb3 b5 24. a5 Rc8 25. Rxc8 Bxc8 26. Rc1 Bf8 27. Ba2 Nf6 28.
d6 Be6 29. Qb2 Bxd6 30. Bxe6 Qxe6 31. f3 Nh5 32. Bc5 Nf4 33. Qd2 Bxc5+ 34. bxc5
Kg7 35. c6 b4 36. c7 1-0

[Event "DEM U14 2003"]
[Site "Willingen GER"]
[Date "2003.06.14"]
[Round "9"]
[White "Schneider, David"]
[Black "Figura, Atila Gajo"]
[Result "1/2-1/2"]
[Termination "normal"]
[Board "1"]
[WhiteElo "2030"]
[BlackElo "2111"]
[PlyCount "72"]
[WhiteFideId "4697111"]
[BlackFideId "4688058"]
[EventCountry "GER"]
[EventRounds "9"]
[EventType "swiss"]
[EventDate "2003.06.07"]

1. e4 c5 2. Nf3 e6 3. b3 Nf6 4. e5 Nd5 5. Bb2 Be7 6. g3 O-O 7. c4 Nc7 8. d4
cxd4 9. Nxd4 d6 10. exd6 Bxd6 11. Nc3 e5 12. Nc2 f5 13. Bg2 Nc6 14. Nd5 Ne6 15.
Qd2 e4 16. O-O Ne5 17. Ne1 Ng6 18. Rd1 Be5 19. Ba3 Re8 20. Nc2 Kh8 21. f3 exf3
22. Rxf3 Ng5 23. Re3 Ne4 24. Bxe4 fxe4 25. Rxe4 Bf5 26. Ree1 Bg4 27. Rc1 Rc8
28. Nd4 Bb8 29. Rxe8+ Qxe8 30. Re1 Ne5 31. Bb2 Qg6 32. Nf4 Qb6 33. Nd5 Nf3+ 34.
Kf2 Nxd2 35. Nxb6 axb6 36. Ke3 Nxc4+ 1/2-1/2

[Event "DEM U14 2003"]
[Site "Willingen GER"]
[Date "2003.06.14"]
[Round "9"]
[White "Brener, Ilja"]
[Black "Zebisch, Paul"]
[Result "1-0"]
[Termination "normal"]
[Board "3"]
[WhiteElo "2168"]
[BlackElo "1863"]
[PlyCount "97"]
[WhiteFideId "4688201"]
[BlackFideId "24601535"]
[EventCountry "GER"]
[EventRounds "9"]
[EventType "swiss"]
[EventDate "2003.06.07"]

1. d4 Nf6 2. c4 g6 3. Nc3 Bg7 4. e4 d6 5. Nf3 O-O 6. Be2 e5 7. Be3 Ng4 8. Bg5
f6 9. Bh4 Nc6 10. d5 Ne7 11. Nd2 Nh6 12. f3 g5 13. Bf2 f5 14. c5 Kh8 15. Nc4
Rf6 16. cxd6 cxd6 17. Qb3 Ng6 18. g3 g4 19. fxg4 Nxg4 20. Bxg4 fxg4 21. O-O b6
22. Be3 Ba6 23. Nb5 Bxb5 24. Qxb5 h5 25. Rf5 Rxf5 26. exf5 Ne7 27. Bg5 Qf8 28.
f6 Bxf6 29. Rf1 Bxg5 30. Rxf8+ Rxf8 31. Qd7 Nc8 32. Kg2 e4 33. Qe6 b5 34. Qg6
Bc1 35. Nxd6 Nxd6 36. Qxd6 Kg7 37. Qe5+ Rf6 38. d6 Be3 39. d7 Bb6 40. Qg5+ Kf7
41. Qxh5+ Ke7 42. Qe8+ Kd6 43. d8=Q+ Bxd8 44. Qxd8+ Ke5 45. Qe7+ Kf5 46. Qc5+
Kg6 47. Qxb5 Rb6 48. Qe2 Kf5 49. b3 1-0

[Event "DEM U14 2003"]
[Site "Willingen GER"]
[Date "2003.06.14"]
[Round "9"]
[White "Klein, Felix"]
[Black "Sohl, Jan"]
[Result "1-0"]
[Termination "normal"]
[Board "4"]
[WhiteElo "1798"]
[BlackElo "1766"]
[PlyCount "97"]
[WhiteFideId "24600458"]
[BlackFideId "4698070"]
[EventCountry "GER"]
[EventRounds "9"]
[EventType "swiss"]
[EventDate "2003.06.07"]

1. e4 c5 2. Nf3 d6 3. d4 Nf6 4. Nc3 cxd4 5. Nxd4 g6 6. Be3 Bg7 7. f3 O-O 8. Qd2
Nc6 9. Bc4 Bd7 10. h4 Rc8 11. Bb3 Ne5 12. O-O-O Nc4 13. Bxc4 Rxc4 14. h5 Nxh5
15. g4 Nf6 16. Kb1 Re8 17. b3 Rc8 18. Nd5 Nxd5 19. exd5 Be5 20. Qg2 Qa5 21. Qh3
h5 22. Qg2 Rc3 23. Qf2 Qc7 24. gxh5 Rc8 25. hxg6 fxg6 26. Rd2 a5 27. Qh4 Rxe3
28. Qh7+ Kf8 29. Qh6+ Bg7 30. Qxe3 a4 31. Qf4+ Kg8 32. Ne6 Bxe6 33. dxe6 Rf8
34. Qe3 b5 35. Rg2 Rf6 36. f4 d5 37. f5 Qd6 38. Rxg6 Rxg6 39. fxg6 Qa3 40. Qc1
Qb4 41. Qf1 Bf6 42. Qh3 Bg7 43. Qf3 Bf6 44. Qxd5 Qc3 45. Qd8+ Kg7 46. Qh8+ Kxg6
47. Qh7+ Kg5 48. Rh5+ Kf4 49. Qf5+ 1-0

[Event "DEM U14 2003"]
[Site "Willingen GER"]
[Date "2003.06.14"]
[Round "9"]
[White "Lieder, Konrad"]
[Black "Becker, Erik"]
[Result "1-0"]
[Termination "normal"]
[Board "5"]
[WhiteElo "2123"]
[BlackElo "2049"]
[PlyCount "71"]
[WhiteFideId "4692721"]
[BlackFideId "4696921"]
[EventCountry "GER"]
[EventRounds "9"]
[EventType "swiss"]
[EventDate "2003.06.07"]

1. d4 Nf6 2. c4 g6 3. Nc3 Bg7 4. e4 d6 5. Be2 O-O 6. Nf3 e5 7. d5 a5 8. Bg5 h6
9. Bh4 Na6 10. Nd2 Qe8 11. a3 Bd7 12. b3 Nh7 13. f3 f5 14. O-O f4 15. Rb1 g5
16. Bf2 h5 17. b4 b6 18. c5 bxc5 19. bxc5 Rf6 20. c6 Bc8 21. Nc4 Qg6 22. g4
fxg3 23. hxg3 Bh3 24. Re1 g4 25. fxg4 hxg4 26. Ne3 Raf8 27. Bxa6 Rxf2 28. Nf5
Rg2+ 29. Kh1 Bf6 30. Re2 Rxe2 31. Bxe2 Qh5 32. Kg1 Ng5 33. Bxg4 Qg6 34. Rb7
Nxe4 35. Nxe4 Bxg4 36. Qxg4 1-0

[Event "DEM U14 2003"]
[Site "Willingen GER"]
[Date "2003.06.14"]
[Round "9"]
[White "Siebarth, Raiko"]
[Black "Dinger, Florian"]
[Result "1-0"]
[Termination "normal"]
[Board "6"]
[WhiteElo "2103"]
[BlackElo "1746"]
[PlyCount "87"]
[WhiteFideId "4674766"]
[BlackFideId "24605573"]
[EventCountry "GER"]
[EventRounds "9"]
[EventType "swiss"]
[EventDate "2003.06.07"]

1. e4 e5 2. Nf3 Nc6 3. d4 exd4 4. Nxd4 Bc5 5. Nxc6 Qf6 6. Qe2 Qxc6 7. g3 b6 8.
Nc3 Bb7 9. Bd2 Bb4 10. O-O-O O-O-O 11. Nd5 Bxd2+ 12. Qxd2 Kb8 13. Qf4 Qh6 14.
Qxh6 Nxh6 15. Bh3 d6 16. Rhe1 Rhe8 17. Nc3 f6 18. f3 Nf7 19. Ne2 Re7 20. Nd4 g6
21. Be6 Rde8 22. Bxf7 Rxf7 23. h4 Rfe7 24. Rg1 d5 25. exd5 Bxd5 26. f4 Bb7 27.
g4 Re4 28. f5 a6 29. h5 b5 30. h6 Bd5 31. b3 Kb7 32. c4 Bf7 33. Nc2 Re2 34. Rd7
R2e7 35. Rgd1 Kc8 36. R7d3 Re4 37. Nb4 a5 38. Nc6 Rf8 39. Rd7 Kb7 40. Rxf7 Rxf7
41. Nd8+ Kc8 42. Nxf7 Rxg4 43. Rd8+ Kb7 44. Rh8 1-0

[Event "DEM U14 2003"]
[Site "Willingen GER"]
[Date "2003.06.14"]
[Round "9"]
[White "Plenca, Julijan"]
[Black "Mandery, Markus"]
[Result "1-0"]
[Termination "normal"]
[Board "7"]
[WhiteElo "2066"]
[BlackElo "1829"]
[PlyCount "77"]
[WhiteFideId "14508044"]
[BlackFideId "24607126"]
[EventCountry "GER"]
[EventRounds "9"]
[EventType "swiss"]
[EventDate "2003.06.07"]

1. e4 c5 2. Nf3 Nc6 3. d4 cxd4 4. Nxd4 Nf6 5. Nc3 e5 6. Ndb5 d6 7. Bg5 a6 8.
Na3 b5 9. Nd5 Be7 10. Bxf6 gxf6 11. c3 Be6 12. Nc2 f5 13. exf5 Bxf5 14. Nce3
Bg6 15. Be2 f5 16. Bf3 e4 17. Bh5 O-O 18. Bxg6 hxg6 19. Nf4 Ne5 20. Qd5+ Kh7
21. h4 Qc8 22. h5 g5 23. Ne6 Rf7 24. g4 Qc6 25. Qxc6 Nxc6 26. gxf5 Ne5 27. Ke2
Nd3 28. Rag1 Nxb2 29. Nxg5+ Bxg5 30. Rxg5 Rc8 31. Nd5 Na4 32. Rh3 b4 33. cxb4
Rc2+ 34. Kf1 Rxa2 35. Rhg3 Rd2 36. f6 Rxd5 37. Rxd5 Rxf6 38. Ra5 Nb2 39. Rg6
1-0

[Event "DEM U14 2003"]
[Site "Willingen GER"]
[Date "2003.06.14"]
[Round "9"]
[White "Tereick, Benjamin"]
[Black "Rehberg, Raphael"]
[Result "0-1"]
[Termination "normal"]
[Board "8"]
[WhiteElo "1751"]
[BlackElo "2046"]
[PlyCount "114"]
[WhiteFideId "24607541"]
[BlackFideId "4686799"]
[EventCountry "GER"]
[EventRounds "9"]
[EventType "swiss"]
[EventDate "2003.06.07"]

1. Nf3 d5 2. g3 Nf6 3. Bg2 c5 4. O-O Nc6 5. d4 e6 6. c4 dxc4 7. dxc5 Qxd1 8.
Rxd1 Bxc5 9. Nbd2 c3 10. bxc3 Bd7 11. Nb3 Bb6 12. Nfd4 Ng4 13. e3 Nge5 14. Nb5
Nc4 15. Nd6+ Nxd6 16. Rxd6 O-O-O 17. Ba3 Ne5 18. c4 Bc7 19. Rd4 Bc6 20. Bb2 f6
21. Nc5 Rde8 22. Bxc6 Nxc6 23. Rd3 Ne5 24. Bxe5 Bxe5 25. Rad1 Re7 26. Kg2 a6
27. f4 Bb8 28. Ne4 Ba7 29. Nd6+ Kb8 30. Kf3 Rd8 31. Ne4 Rxd3 32. Rxd3 Kc7 33.
h4 h5 34. Nd2 e5 35. f5 Rd7 36. Rxd7+ Kxd7 37. Ke4 Kc6 38. Nb3 Bc5 39. a4 Bb4
40. Kf3 Be1 41. e4 b5 42. axb5+ axb5 43. cxb5+ Kxb5 44. Nc1 Kc4 45. Ne2 Kd3 46.
Nc1+ Kc2 47. Ne2 Kd2 48. Ng1 Kd3 49. Nh3 Kd4 50. Ng1 Bd2 51. Ke2 Be3 52. Nf3+
Kxe4 53. Nh2 Bd4 54. Nf3 Kxf5 55. Nh2 e4 56. Kd2 Bf2 57. Nf1 Kg4 0-1

[Event "DEM U14 2003"]
[Site "Willingen GER"]
[Date "2003.06.14"]
[Round "9"]
[White "Cara, Bogdan"]
[Black "Wagner, Florian"]
[Result "1/2-1/2"]
[Termination "normal"]
[Board "9"]
[WhiteElo "1830"]
[BlackElo "1742"]
[PlyCount "48"]
[BlackFideId "4698118"]
[EventCountry "GER"]
[EventRounds "9"]
[EventType "swiss"]
[EventDate "2003.06.07"]

1. e4 c5 2. c3 Qa5 3. Nf3 Nc6 4. d4 cxd4 5. Nxd4 Nxd4 6. Qxd4 d6 7. Nd2 Nf6 8.
Nb3 Qc7 9. Bg5 e5 10. Qd3 Be7 11. Bh4 Be6 12. O-O-O O-O-O 13. f3 d5 14. exd5
Rxd5 15. Qe3 Rxd1+ 16. Kxd1 Nd5 17. Qf2 Nxc3+ 18. bxc3 Qd8+ 19. Kc2 Bf5+ 20.
Kb2 Bxh4 21. Qxa7 Qc7 22. Be2 Rd8 23. Rd1 Rxd1 24. Bxd1 Bf6 1/2-1/2

[Event "DEM U14 2003"]
[Site "Willingen GER"]
[Date "2003.06.14"]
[Round "9"]
[White "Beck, Frederik"]
[Black "Cammann, Tim"]
[Result "1-0"]
[Termination "normal"]
[Board "10"]
[WhiteElo "2087"]
[BlackElo "1401"]
[PlyCount "99"]
[WhiteFideId "4687388"]
[EventCountry "GER"]
[EventRounds "9"]
[EventType "swiss"]
[EventDate "2003.06.07"]

1. e4 c6 2. d4 d5 3. e5 Bf5 4. Nc3 e6 5. g4 Bg6 6. Nge2 Nd7 7. h4 h6 8. h5 Bh7
9. f4 Ne7 10. Be3 c5 11. dxc5 Nc6 12. Qd2 Bxc5 13. Bxc5 Nxc5 14. Nd4 Ne4 15.
Nxe4 Bxe4 16. Rh2 Nxd4 17. Qxd4 Qa5+ 18. b4 Qa4 19. Qc5 a6 20. b5 Qa5+ 21. c3
Rd8 22. Rd2 f6 23. exf6 gxf6 24. Qd4 Kf7 25. bxa6 bxa6 26. Qa7+ Kf8 27. Qd4 Kf7
28. Qa7+ Kf8 29. Qe3 Rc8 30. Rc1 Rc7 31. Qd4 Kf7 32. Bd3 Bxd3 33. Qxd3 Kf8 34.
f5 Re7 35. Kf1 Rg8 36. fxe6 Rxe6 37. Qf5 Qb5+ 38. c4 Qc6 39. Rxd5 Rg5 40. Qf3
Ke7 41. Rc3 Rxd5 42. cxd5 Qb5+ 43. Kf2 Qb6+ 44. Re3 Re5 45. Qf4 Qb2+ 46. Kf3
Rxe3+ 47. Qxe3+ Qe5 48. Qxe5+ fxe5 49. Ke4 Kd6 50. a3 1-0